Países que vencen a España - Estadísticas

Estadísticas generales
  • Esta prueba ha sido intentada 4.625 veces
  • La puntuación promedio es 12 de 16
Estadísticas de respuestas
Puesto Categoría Países % Correcto
4 País más poblado cuyo nombre empieza por E Egipto | Etiopía | Estados Unidos
96%
5 Más hispanohablantes nativos México | Colombia | Argentina | Estados Unidos
95%
2 Más turistas internacionales recibidos (2019) Francia
92%
4
País europeo más meridional
*sin contar Turquía ni Chipre
Grecia | Italia | Malta
90%
2 Mayor imperio colonial Reino Unido
87%
4 Más sitios de patrimonio mundial de la UNESCO Italia | China | Alemania
86%
3 Más productor de vino (2019) Italia | Francia
86%
3 País extranjero más reciente en ocupar las Filipinas Estados Unidos | Japón
82%
6 Bandera del país más amarilla Brunéi | Ciudad del Vaticano | Ucrania | Colombia | Ecuador
73%
4 El país europeo más pobre que nunca fue comunista (2020, PPP) Grecia | Portugal | Italia
71%
8 Propietario de la isla con mayor altitud Indonesia | Papúa Nueva Guinea | Estados Unidos | Malasia | Taiwán | Japón | Nueva Zelanda
69%
4 País Europeo con la ciudad más poblada que empiece con Z Suiza | Croacia | Ucrania
68%
7 Fuente del mayor número de residentes Franceses nacidos en el extranjero Argelia | Marruecos | Portugal | Italia | Túnez | Turquía
65%
3 Más temprana legalización del matrimonio entrepersonas del mismo sexo Países Bajos | Bélgica
58%
2 País europeo cuya capital está más alejada del mar o de una frontera internacional Rusia
56%
8 Más agua desalinizada Arabia Saudita | Emiratos Árabes Unidos | Kazajistán | Argelia | Catar | Israel | Estados Unidos
51%
No se encontraron pruebas coincidentes
Distribución de puntuación
Porcentaje de gente con cada puntuación
Porcentaje por número respondido
Historial de tus puntuaciones
No has intentado esta prueba.